|
|
|
|
| LEADER |
01764nam a22003494a 4500 |
| 001 |
EBC3037510 |
| 003 |
MiAaPQ |
| 005 |
20200520144314.0 |
| 006 |
m o d | |
| 007 |
cr cn||||||||| |
| 008 |
040607s2005 caub sb 001 0 eng |
| 010 |
|
|
|z 2004013447
|
| 020 |
|
|
|z 0804750912 (alk. paper)
|
| 035 |
|
|
|a (MiAaPQ)EBC3037510
|
| 035 |
|
|
|a (Au-PeEL)EBL3037510
|
| 035 |
|
|
|a (CaPaEBR)ebr10080411
|
| 035 |
|
|
|a (OCoLC)923699895
|
| 040 |
|
|
|a MiAaPQ
|c MiAaPQ
|d MiAaPQ
|
| 050 |
|
4 |
|a HJ4406
|b .L52 2005
|
| 082 |
0 |
4 |
|a 336.22/0951/152
|2 22
|
| 100 |
1 |
|
|a Li, Huaiyin.
|
| 245 |
1 |
0 |
|a Village governance in North China, 1875-1936
|h [electronic resource] /
|c Huaiyin Li.
|
| 260 |
|
|
|a Stanford, California :
|b Stanford University Press,
|c 2005.
|
| 300 |
|
|
|a xii, 325 p. :
|b maps.
|
| 504 |
|
|
|a Includes bibliographical references (p. [293]-311) and index.
|
| 505 |
0 |
|
|a Introduction -- The setting -- Cooperation and control in the peasant community : the Xiangdi system -- Rules, self interest, and strategies : disputes over the Xiangdi service -- Village regulations at work : tax collection -- Land and tax administration -- Power, discourse, and legitimacy : the village head office in dispute -- Cooperation and conflict over village schools -- Elite activism -- Villages reorganization -- Uncovering the "black land".
|
| 533 |
|
|
|a Electronic reproduction. Ann Arbor, MI : ProQuest, 2015. Available via World Wide Web. Access may be limited to ProQuest affiliated libraries.
|
| 650 |
|
0 |
|a Land value taxation
|z China
|z Huolu Xian.
|
| 651 |
|
0 |
|a Huolu Xian (China)
|x Politics and government.
|
| 655 |
|
4 |
|a Electronic books.
|
| 710 |
2 |
|
|a ProQuest (Firm)
|
| 856 |
4 |
0 |
|u https://ebookcentral.proquest.com/lib/matrademy/detail.action?docID=3037510
|z Click to View
|